00520nam a2200193 a 4500001001300000003000900013005001700022008004100039020002400080082001700104100002000121245003300141260004400174300000900218500003500227505002800262650001600290700002000306nice12345678IN_TiNIC20260116013757.0050524s1982 lona grp 000 0 eng  a0194733 c170000a340.59bSCH1 aSchacht, Joseph aIntroduction to Islamic Law. aLondan bOxford University Press c1982 a304p aincludes index and biblioraphy2 aGeneral Index, Glossary aIslamic-Law1 aSchacht, Joseph